Collins student's dictionary / (Record no. 200448561)
[ view plain ]
| 000 -LEADER | |
|---|---|
| fixed length control field | 00851nam a22002897i 4500 |
| 003 - CONTROL NUMBER IDENTIFIER | |
| control field | TR-AnTOB |
| 005 - DATE AND TIME OF LATEST TRANSACTION | |
| control field | 20240418142243.0 |
| 007 - PHYSICAL DESCRIPTION FIXED FIELD--GENERAL INFORMATION | |
| fixed length control field | ta |
| 008 - FIXED-LENGTH DATA ELEMENTS--GENERAL INFORMATION | |
| fixed length control field | 220414t2005 xxk 000 0 eng d |
| 040 ## - CATALOGING SOURCE | |
| Original cataloging agency | TR-AnTOB |
| Language of cataloging | eng |
| Transcribing agency | TR-AnTOB |
| Description conventions | rda |
| 041 0# - LANGUAGE CODE | |
| Language code of text/sound track or separate title | İngilizce |
| 050 ## - LIBRARY OF CONGRESS CALL NUMBER | |
| Classification number | PE1628 |
| 090 ## - LOCALLY ASSIGNED LC-TYPE CALL NUMBER (OCLC); LOCAL CALL NUMBER (RLIN) | |
| Classification number (OCLC) (R) ; Classification number, CALL (RLIN) (NR) | REF PE1628 |
| Local cutter number (OCLC) ; Book number/undivided call number, CALL (RLIN) | .C65 2005 |
| 245 00 - TITLE STATEMENT | |
| Title | Collins student's dictionary / |
| Statement of responsibility, etc. | editors Cordelia Lilly [and four others]. |
| 246 3# - VARYING FORM OF TITLE | |
| Title proper/short title | Student's dictionary |
| 250 ## - EDITION STATEMENT | |
| Edition statement | International edition. |
| 264 #1 - PRODUCTION, PUBLICATION, DISTRIBUTION, MANUFACTURE, AND COPYRIGHT NOTICE | |
| Place of production, publication, distribution, manufacture | Glasgow : |
| Name of producer, publisher, distributor, manufacturer | Collins, |
| Date of production, publication, distribution, manufacture, or copyright notice | 2005. |
| Date of production, publication, distribution, manufacture, or copyright notice | ©2005 |
| 300 ## - PHYSICAL DESCRIPTION | |
| Extent | viii, 984 pages ; |
| Dimensions | 20 cm |
| 336 ## - CONTENT TYPE | |
| Content type term | text |
| Content type code | txt |
| Source | rdacontent |
| 337 ## - MEDIA TYPE | |
| Media type term | unmediated |
| Media type code | n |
| Source | rdamedia |
| 338 ## - CARRIER TYPE | |
| Carrier type term | volume |
| Carrier type code | nc |
| Source | rdacarrier |
| 650 #0 - SUBJECT ADDED ENTRY--TOPICAL TERM | |
| Topical term or geographic name entry element | English language |
| Form subdivision | Dictionaries |
| 9 (RLIN) | 5830 |
| 700 1# - ADDED ENTRY--PERSONAL NAME | |
| Personal name | Lilly, Cordelia |
| Relator code | editor |
| 9 (RLIN) | 136675 |
| 942 ## - ADDED ENTRY ELEMENTS (KOHA) | |
| Source of classification or shelving scheme | Library of Congress Classification |
| Koha item type | Book |
| Withdrawn status | Lost status | Source of classification or shelving scheme | Not for loan | Collection code | Home library | Current library | Shelving location | Date acquired | Source of acquisition | Inventory number | Total Checkouts | Full call number | Barcode | Date last seen | Date shelved | Koha item type | Public note |
|---|---|---|---|---|---|---|---|---|---|---|---|---|---|---|---|---|---|
| Other/Generic Classification Scheme | Ödünç Verilemez-Referans Kaynağı / Not For Loan-Reference | Referans-Konuya özel-Genel Koleksiyonla birlikte | Merkez Kütüphane | Merkez Kütüphane | Genel Koleksiyon - Referans / General Collection - Reference | 14/04/2022 | Bağış / Donation | İDE | REF PE1628 .C65 2005 | 0052712 | 03/02/2026 | 14/04/2022 | Book | Donated by Nermin Çaker |
